| 000 | 01884ncm a2200457 a 4500 | ||
|---|---|---|---|
| 999 |
_c312624 _d312624 |
||
| 003 | BLK | ||
| 005 | 20250127155246.0 | ||
| 008 | 180414b bul |a|er|||| |0| c|bulo| | ||
| 010 | _aNOT00002584000 | ||
| 040 | _aBLK | ||
| 041 |
_aBUL _cBUL |
||
| 080 |
_aВиола _b787.2 _z787.2 |
||
| 080 |
_aДуо виола и пиано _b785.72:787.2:786.2 _z785.72:787.2:786.2 |
||
| 139 |
_aПиеси за виола _bП 51 |
||
| 245 | 1 | 0 |
_aПиеси за виола _bОт бълг. композитори _cсъстав. Александър Нейнски. |
| 257 | _aBGR | ||
| 260 |
_bМузика _c1989 _aСофия |
||
| 300 |
_a43 с. _c33 см _e28 с. щим |
||
| 380 | _a7 | ||
| 505 |
_gЗа соло виоло _rАлександър Райчев. _tАрия |
||
| 505 |
_gЗа соло виоло _rМарин Петров Големинов. _tТри импровизации |
||
| 505 |
_gЗа соло виоло _rПетър Христосков. _tТри капричии |
||
| 505 |
_rВасил Иванов Казанджиев. _tПрелюд и фуга |
||
| 505 |
_rПанчо Хараланов Владигеров. _tПесен |
||
| 505 | _tНоктюрно | ||
| 505 |
_rФилип Христов Павлов. _tСкерцо |
||
| 650 | 4 |
_aВиола - сонати, сонатини, пиеси _9353437 |
|
| 650 | 7 |
_aДуо - виола и пиано _2 _9153858 |
|
| 653 | _aвиола | ||
| 653 | _aпиеси | ||
| 653 | _aБългария | ||
| 700 | 1 |
_aНейнски, Александър _eсъстав. _9362788 |
|
| 852 |
_aЦб М ІІ 10615 _p7 |
||
| 856 | 4 |
_qpdf _u |
|
| 856 | 4 |
_qpdf _u |
|
| 942 |
_cNOT _n0 _s1 |
||
| 944 |
_aCR _c24.06.2008 _k30560 _lГеновева Генчева |
||
| 944 |
_aED _c04.10.2017 _kИрена_Линкова |
||
| 944 |
_aED _c2020-04-07 _kРенета Константинова |
||
| 999 | _d312624 | ||